000 01146nam a22003257a 4500
003 CHAP
005 20220329140106.0
008 971013s1979 r 00010 d
010 _a46860
011 _a47832
035 _a51975
040 _cCHAP
090 _aTesis
100 0 0 _aSalazar Leal, José Luis.
_9101390
245 _aEnsayo de rendimiento de 25 variedades de triticale (Triticale hexaploide) en el ciclo agrícola 1977-1978 en Apodaca, N.L.
260 _a(Monterrey, N.L.) :
_bEl autor,
_c1979
300 _a62 h.
_b: ilus.
502 _aTesis (Ing. Agr. en Producción Agropecuaria) --ITESM. Div. de Ciencias Agropecuarias y Marítimas
590 _aALEPH
_b10
_c20130110
_lUCH01
_h1316
590 _aBATCH-UPD
_b10
_c20130110
_lUCH01
_h1924
590 _aBATCH-UPD
_b10
_c20130410
_lUCH01
_h1249
590 _aBATCH-UPD
_b10
_c20130914
_lUCH01
_h2012
590 _aCONVERSION
_b10
_c20130109
_lUCH01
_h1326
650 1 4 _aTriticale
_xNuevo León.
_9115222
650 1 4 _aTriticale
_xRendimiento.
_9115225
650 1 4 _aTriticale
_xVariedades.
_9115231
901 _aBK
942 _cTESIS
949 _bBC
_cTES
_d-116049
_eTS1
_i51975
_si
999 _c46860
_d46860